000 00581nam a2200217 i 4500
001 C2-0016037
003 PPAK
005 20190630221936.0
008 970130s1984 enka|||| ||||| | eng d
040 _aPPAK
_beng
_cPPAK
_erda
082 0 4 _a916.80462
_223
090 0 0 _a916.80462
_bBER
_dR
100 1 _aBerhard, Newman,
_eauthor
245 1 0 _aLet's visit South Africa
264 1 _aLondon :
_bBurke ,
_c1984
300 _a95 pages :
_billustrations ;
_c21 cm
336 _2rdacontent
_atext
337 _2rdamedia
_aunmediated
338 _2rdacarrier
_avolume
942 _ddc
_cB
999 _c3797
_d3797